God of war - Statistiken

Allgemein
  • Dieses Quiz wurde 25 mal gespielt
  • Das Durchschnittsergebnis liegt bei 8 aus 15
Antwortstatistiken
Frage Antwort % Korrekt
Wie heißt das Kind Atreus
94%
Welcher Charakter ist der Gott Loki Atreus
94%
Wie heißt der Protagonist Kratos
89%
Wer ist der Göttervater in dieser Welt Odin
89%
Wie viele Kinder hat der Gott des Donners 3
78%
Wer ist der Feind in dem Spiel Baldur
67%
Wie heißt Baldurs Mutter Freya
61%
Welche Spezies war seine Mutter Riesin
61%
Wie stirbt Baldur Pfeil
50%
welche Waffe benutzt Atreus Pfeil und Bogen
33%
Was ist das Ende Ragnarök
33%
Was macht Baldur so schwer zu töten Unsterblichkeit
22%
Was machen die Protagonisten auf dem höchsten Berg der 7 Welten Die Asche der Mutter verstreuen
6%
Wie wird der Winter genannt Fimbull Winter
0%
Welche Waffe(n) benutzt der Protagonist Leviatan Axt, Chaos Klingen
0%
Keine übereinstimmenden Quizze gefunden
Verteilung der Resultate
Anzahl Personen mit jedem Resultat
Perzentil nach korrekt beantworteten Fragen
Ihre Resultats-Entwicklung
Sie haben dieses Quiz noch nicht gespielt